Ennemis des Avengers - Statistiques

Statistiques générales
  • Ce quiz a été pris 477 fois
  • Le résultat moyen est 6 sur 28
Statistiques - réponses
Hint Réponse % Correct
Célèbre pour avoir porté le Gant de l'Infini Thanos
99%
Robot maléfique qui veut contrôler le monde et détruire les Avengers Ultron
93%
Dieu responsable de la formation des Avengers Loki
87%
Nazi qui ressuscite tout le temps Crâne Rouge
65%
Vilain qui voyage à travers le temps Kang
35%
Le dévoreur de monde Galactus
27%
Scientifique à grosse tête qui dirige l'A.I.M. M.O.D.O.K.
26%
Dirigeant de la Latvérie Docteur Fatalis / Dr Fatalis / Dr Doom / Fatalis / Doom
24%
Créateur des Maîtres du Mal Baron Zemo / Zemo
18%
Possède une collection de grande valeur Collectionneur / Collectioner / Collector
13%
Vampire qui a une dent contre les Avengers Dracula
13%
Magicienne et charmeuse asgardienne Amora / Enchanteresse / Enchantress
9%
Superman mais chez Marvel et en vilain Hyperion
8%
Ennemi médiéval et membre original des Maîtres du Mal Chevalier Noir / Black Knight
7%
Un atlante à l'esprit belliqueux Attuma
6%
Maître du son Klaw
6%
Chef de l'Hydra Baron Strucker / Wolfgang Von Srucker / Strucker / Von Strucker / Baron Von Strucker
5%
Son passe-temps est d'organiser des combats sur une planète appelée Battleworld Beyonder
5%
Protecteur et compagnon fidèle de la précédente Skurge / Exécuteur / Executioner
5%
Méchant en costume de singe Man-Ape / Homme Singe / M'Baku
4%
Vilain qui forme des tornades Cyclone / Tourbillon / Whirlwind
3%
Groupe spécialisé dans les combats destructeurs Démolisseurs / Wrecking Crew / Démolisseur / Wrecker / Boulet / Thunderball / Compresseur / Piledriver / Bulldozer
3%
Ennemi vert et membre original des Maîtres du Mal Homme Radioactif / Radioactive-Man
3%
Frère de Wonder Man ayant une faux à la place de la main Moissonneur / Grim Reaper
3%
Un épéiste et vieille connaissance de Hawkeye Swordsman / Bretteur
3%
Criminel qui peut faire fondre n'importe quel métal Fondeur / Melter
2%
Mercenaire ayant une force et une taille surhumaine Power Man / Goliath / Atlas
2%
Patron de la Maggia Comte Nefaria / Count Nefaria / Nefaria
1%
Aucun quiz correspondant
Distribution des résultats
% des personnes avec chaque résultat
Percentile par nombre de réponses
Votre historique - résultats
Vous n’avez pas pris ce quiz